000
00294nam a22001217a 4500
008
170927b xxu||||| |||| 00| 0 eng d
041
_a
eng
080
_a
37
100
_a
47
101
_a
EDU
245
_a
SCIENCE AND EDUCATION IN THE SEVENTEENTH CENTURY
_c
DEBUS.A.G
942
_2
udc
_c
BK
999
_c
30223
_d
30223